| 000 -LEADER | |
|---|---|
| fixed length control field | 00486nam a22001817a 4500 |
| 005 - DATE AND TIME OF LATEST TRANSACTION | |
| control field | 20260507161752.0 |
| 008 - FIXED-LENGTH DATA ELEMENTS--GENERAL INFORMATION | |
| fixed length control field | 160521b xxu||||| |||| 00| 0 eng d |
| 020 ## - INTERNATIONAL STANDARD BOOK NUMBER | |
| ISBN | 978-0-07-060092-8 |
| 041 ## - LANGUAGE CODE | |
| Language code of text/sound track or separate title | eng |
| 082 ## - DEWEY DECIMAL CLASSIFICATION NUMBER | |
| Classification number | 658.4034 |
| 100 ## - MAIN ENTRY--AUTHOR NAME | |
| Personal name | HILLIER, FREDERICK S, AND LIEBERMAN, GERALD J. |
| 245 ## - TITLE STATEMENT | |
| Title | Introduction to Operations Research Concepts & Cases |
| 250 ## - EDITION STATEMENT | |
| Edition statement | 8 th ed. |
| 260 ## - PUBLICATION, DISTRIBUTION, ETC. (IMPRINT) | |
| Place of publication | New Delhi |
| Name of publisher | TMH, |
| Year of publication | 2008 |
| 300 ## - PHYSICAL DESCRIPTION | |
| Number of Pages | 1034,p |
| 650 ## - SUBJECT ADDED ENTRY--TOPICAL TERM | |
| Topical Term | Management |
| 942 ## - ADDED ENTRY ELEMENTS (KOHA) | |
| Koha item type | Books |
| Lost status | Damaged status | Collection code | Home library | Current library | Shelving location | Date acquired | Full call number | Accession Number | Koha item type |
|---|---|---|---|---|---|---|---|---|---|
| MANAGEMENT | JRU Library | JRU Library | SHELF-76-D | 21/05/2016 | 658.4034 | 3804 | Books | ||
| MANAGEMENT | JRU Library | JRU Library | SHELF-76-D | 21/05/2016 | 3804 | 3805 | Books | ||
| MANAGEMENT | JRU Library | JRU Library | SHELF-76-D | 21/05/2016 | 3804 | 3806 | Books |